000 00483nam a2200181Ia 4500
001 11557
005 20260306162836.0
008 260306t2014||||xx |||||||||||||| ||spa||
041 _aESP
082 _a985.084
_bP26
100 _aParodi Revoredo, Daniel
_eAUT
245 0 _aLas historias que nos unen:
_b21 relatos para la integración entre Perú y Chile
260 _c2014
300 _a448 páginas :
_c24 cm.
650 _aGEN
654 _aCHU
942 _cLIB
_dJUS
_fJUS
_2ddc
_n
999 _c11557
_d11557